000 00503cam a2200193ua 4500
020 _cRs 45.00
041 _aeng
_h
082 _a620.1
_bCHA/IN
100 _aChakrabarti, K N .
245 _aIntroduction to mechanics for engineers /
_cK N Chakrabarti.
_hTextual Documents
250 _a1 /
_b.
260 _aAllahabad :
_bWheeler publishing ,
_c1983.
300 _a442 ; .
365 _aRs 45.00
504 _a
700 1 _aChakrabarti, R K .
942 _cBK
999 _c2005
_d2005